000 00575nam a2200217Ia 4500
008 101110s9999 xx 000 0 und d
041 _aENGLISH
082 _bJR6153
100 _aMotegaonkar B.B.
245 _aMathematics & Statistics XII Paper - I
260 _c2008
_bVidyadharati prakashan, Latur
300 _a360
365 _b80
520 _amathematics
546 _aENGLISH
630 _aMathematics & Statistics XII Paper - I
650 _amathematics
655 _amathematics
730 _aMathematics & Statistics XII Paper - I
942 _cBOOK
999 _c796946
_d796943